Vereine anhand der Nationen ihrer Spieler erraten (Stand: 24/25 Nov.) - Statistiken

Allgemein
  • Dieses Quiz wurde 187 mal gespielt
  • Das Durchschnittsergebnis liegt bei 14 aus 16
Antwortstatistiken
Bildquiz Antwort % Korrekt
FC Bayern München
99%
FC Barcelona
97%
Manchester City
96%
Borussia Dortmund
94%
Manchester United
93%
Inter Mailand
92%
Paris Saint Germain
92%
Bayer 04 Leverkusen
91%
Real Madrid
91%
Juventus Turin
89%
Tottenham Hotspur
88%
AC Mailand
86%
Atletico Madrid
84%
FC Chelsea
84%
Arsenal London
79%
Sporting Lissabon
64%
Keine übereinstimmenden Quizze gefunden
Verteilung der Resultate
Anzahl Personen mit jedem Resultat
Perzentil nach korrekt beantworteten Fragen
Ihre Resultats-Entwicklung
Sie haben dieses Quiz noch nicht gespielt